La Concepción de la "independencia de las naciones" y el neocolonialismo /
Furkejuvvon:
| Váldodahkki: | |
|---|---|
| Materiálatiipa: | Texto |
| Fáddágilkorat: |
Lasit fáddágilkoriid
Eai fáddágilkorat, Lasit vuosttaš fáddágilkora!
|
MARC
| LEADER | 00000 a a2200000 04500 | ||
|---|---|---|---|
| 001 | 3134 | ||
| 003 | |||
| 040 | |||
| 100 | |a Volkov, Mai | ||
| 245 | |a La Concepción de la "independencia de las naciones" y el neocolonialismo / |c Mai Volkov | ||
| 773 | |g número 1; páginas 138-149 | ||
| 999 | |c 31626 |d 31626 | ||
